Statystyki dla Państwa najbliższe Tadżykistanu

Kliknij tutaj aby rozwiązać quiz!

Ogólne statystyki

  • Ten quiz został rozwiązany 82 razy
  • Średni wynik to 17 z 20

Statystyki odpowiedzi

kmPaństwo% Poprawnych
1 396Rosja
97%
0Chiny
96%
110Turkmenistan
95%
60Kazachstan
94%
0Kirgistan
94%
24Pakistan
94%
0Uzbekistan
94%
0Afganistan
92%
1 920Irak
91%
618Iran
91%
200-560 *Indie
90%
1 563Mongolia
89%
1 872Armenia
86%
1 434Azerbejdżan
86%
1 874Gruzja
86%
1 025Nepal
86%
1 705Bhutan
81%
1 880Bangladesz
75%
1 607Zjednoczone Emiraty
Arabskie
49%
1 972Katar
48%

Rozkład punktacji

Percentyl według liczby udzielonych odpowiedzi

Procent ludzi z każdym wynikiem

Twoja historia wyników

Nie rozwiązałeś tego quizu